[Event "OLBA 2122 SGR Kuppenheim - SK Ettlingen"]
[Site "?"]
[Date "2022.05.01"]
[Round "4.4"]
[White "Metz, Hartmut"]
[Black "Nippgen, Georg"]
[Result "0-1"]
[WhiteElo "2209"]
[BlackElo "2236"]
[PlyCount "98"]
[EventDate "2022.??.??"]

1. e4 c5 2. Nf3 e6 3. d4 cxd4 4. Nxd4 Nc6 5. Nb5 d6 6. Bf4 e5 7. Be3 a6 8. N5c3
Nf6 9. Be2 Be7 10. Nd2 Be6 11. Nc4 O-O 12. Nb6 Rb8 13. O-O Ne8 14. Qd2 h6 15.
Nbd5 Bg5 16. f4 exf4 17. Nxf4 Bf6 18. Rad1 Qa5 19. Nfd5 Bxd5 20. exd5 Bxc3 21.
bxc3 Ne5 22. Bf4 Rc8 23. Bxe5 dxe5 24. d6 Rd8 25. d7 Qb6+ 26. Kh1 Nf6 27. Qd6
Nxd7 28. Qe7 Qe6 29. Qb4 Nb6 30. Bf3 Nc4 31. Rxd8 Rxd8 32. Qxb7 f5 33. Re1 e4
34. Be2 Rd2 35. Qb8+ Kh7 36. Qf4 Qe5 37. Qxe5 Nxe5 38. Bxa6 Rxc2 39. a4 Rxc3
40. Kg1 Ra3 41. Bb5 Kg6 42. h3 Kf6 43. Rc1 f4 44. Rc8 Ra1+ 45. Kf2 Ra2+ 46. Kf1
e3 47. Rf8+ Kg5 48. Re8 f3 49. Rxe5+ Kf4 0-1

[Event "OLBA 2122 SGR Kuppenheim - SK Ettlingen"]
[Site "?"]
[Date "2022.05.01"]
[Round "4.5"]
[White "Tschann, Stephan"]
[Black "Klumpp, Jochen"]
[Result "1-0"]
[WhiteElo "2223"]
[BlackElo "2067"]
[PlyCount "67"]
[EventDate "2022.??.??"]

1. c4 Nf6 2. Nc3 d5 3. cxd5 Nxd5 4. g3 g6 5. Bg2 Nb6 6. d3 Bg7 7. Be3 Nc6 8. h4
h5 9. Nf3 Ne5 10. Nxe5 Bxe5 11. a4 c6 12. a5 Nd5 13. Nxd5 cxd5 14. Bd4 Qd6 15.
Bxe5 Qxe5 16. Qb3 Be6 17. Qb5+ Kf8 18. Qxb7 Kg7 19. Qxe7 Rhe8 20. Qa3 Bg4 21.
e3 Rab8 22. O-O d4 23. Rfe1 Rec8 24. b4 Rc3 25. Qb2 Rxd3 26. Rab1 Rc3 27. exd4
Qxd4 28. Re3 Rbc8 29. Rxc3 Rxc3 30. b5 Kh7 31. b6 axb6 32. axb6 Qc5 33. b7 Rc2
34. Qxc2 1-0

[Event "OLBA 2122 SGR Kuppenheim - SK Ettlingen"]
[Site "?"]
[Date "2022.05.01"]
[Round "4.6"]
[White "Merklinger, Markus"]
[Black "Wehner, Roland"]
[Result "0-1"]
[WhiteElo "2092"]
[BlackElo "2263"]
[PlyCount "60"]
[EventDate "2022.??.??"]

1. d4 d6 2. Bf4 g6 3. Nc3 Nd7 4. Nf3 c6 5. e3 Bg7 6. Bc4 d5 7. Bb3 Ngf6 8. h3
O-O 9. O-O a5 10. a4 b6 11. Re1 Bb7 12. Ne5 Rc8 13. Nxd7 Qxd7 14. Be5 Rfd8 15.
Ne2 Ne4 16. Bxg7 Kxg7 17. f3 Nd6 18. Ng3 h5 19. c3 h4 20. Nf1 Re8 21. Qd2 Rcd8
22. Qf2 Rh8 23. e4 dxe4 24. fxe4 Rh5 25. e5 Nf5 26. Bxf7 e6 27. Bxg6 Kxg6 28.
g4 hxg3 29. Nxg3 Nxg3 30. Qf6+ Kh7 0-1

[Event "OLBA 2122 SGR Kuppenheim - SK Ettlingen"]
[Site "?"]
[Date "2022.05.01"]
[Round "4.7"]
[White "Friedel, Marcus"]
[Black "Kick, Joachim"]
[Result "1/2-1/2"]
[WhiteElo "2131"]
[BlackElo "2105"]
[PlyCount "45"]
[EventDate "2022.??.??"]

1. c4 e5 2. g3 Nf6 3. Bg2 c6 4. Nf3 e4 5. Nd4 Qb6 6. e3 d5 7. Nc3 Na6 8. cxd5
cxd5 9. d3 Bb4 10. Bd2 Bg4 11. Qc2 O-O 12. dxe4 dxe4 13. O-O Rfe8 14. a3 Bxc3
15. Bxc3 Rac8 16. Rac1 Nc5 17. h3 Bd7 18. Qd2 Nd3 19. Rcd1 h5 20. Kh2 Ne5 21.
Rc1 Nd3 22. Rcd1 Ne5 23. Rc1 1/2-1/2

[Event "OLBA 2122 SGR Kuppenheim - SK Ettlingen"]
[Site "?"]
[Date "2022.05.01"]
[Round "4.8"]
[White "Lorenz, Michael"]
[Black "Mader, Manuela"]
[Result "0-1"]
[WhiteElo "1928"]
[BlackElo "2197"]
[PlyCount "80"]
[EventDate "2022.??.??"]

1. Nf3 Nf6 2. c4 g6 3. b4 Bg7 4. Bb2 O-O 5. g3 a5 6. b5 c6 7. Na3 d5 8. cxd5
Qxd5 9. Qb3 Qh5 10. Bg2 Bh3 11. O-O Nbd7 12. bxc6 bxc6 13. Bxh3 Qxh3 14. Nc4
Rab8 15. Qc2 Rb5 16. Ne3 Rh5 17. Rfc1 c5 18. Rab1 e5 19. d3 Bh6 20. Nf1 Bxc1
21. Bxc1 h6 22. Bd2 Re8 23. Rb7 e4 24. dxe4 Nxe4 25. Be3 Qe6 26. Qa4 Ndf6 27.
Qxa5 Ng4 28. Rb6 Qe7 29. Qa6 Kh7 30. a4 Nxe3 31. Nxe3 Nxf2 32. Kxf2 Qxe3+ 33.
Kf1 Rf5 34. Rf6 Rxf6 35. Qxf6 Qxe2+ 36. Kg1 Kg8 37. Nh4 Qd1+ 38. Kg2 Re2+ 39.
Kh3 Qd7+ 40. g4 h5 0-1

[Event "OLBA 2122 OSG Baden-Baden III - Karlsru"]
[Site "?"]
[Date "2022.05.01"]
[Round "4.1"]
[White "Ruff, Maximilian"]
[Black "Milov, Vadim"]
[Result "1/2-1/2"]
[WhiteElo "2295"]
[BlackElo "2602"]
[PlyCount "86"]
[EventDate "2022.??.??"]

1. d4 Nf6 2. c4 e6 3. Nc3 Bb4 4. f3 c5 5. d5 O-O 6. e4 b5 7. Nh3 Bb7 8. Nf4 Re8
9. Kf2 exd5 10. Ncxd5 Bxd5 11. Nxd5 Nxd5 12. Qxd5 Nc6 13. cxb5 Re5 14. Qd1 Nd4
15. Bf4 Re8 16. Bc4 Qf6 17. Qc1 h6 18. h4 Rac8 19. Rh3 d5 20. Bxd5 c4 21. g4 c3
22. b3 c2 23. a3 Bc3 24. Ra2 Qb6 25. Be3 Qxb5 26. Qf1 Qd7 27. Qd3 Ba5 28. Bc4
Red8 29. Rh1 Bb6 30. Bxd4 Bxd4+ 31. Kg2 Qc7 32. Rxc2 Qf4 33. Bd5 Be5 34. Rh3
Kh7 35. h5 a5 36. a4 Kg8 37. Qd2 Rxc2 38. Qxc2 Rb8 39. Qd3 Kf8 40. Bc4 Ke7 41.
Qe2 Rc8 42. Qf2 Rd8 43. Bd5 Rc8 1/2-1/2

[Event "OLBA 2122 OSG Baden-Baden III - Karlsru"]
[Site "?"]
[Date "2022.05.01"]
[Round "4.2"]
[White "Schlosser, Philipp"]
[Black "Arnold, Lothar"]
[Result "1/2-1/2"]
[WhiteElo "2506"]
[BlackElo "2324"]
[PlyCount "104"]
[EventDate "2022.??.??"]

1. c4 e5 2. g3 Nf6 3. Bg2 c6 4. Nf3 e4 5. Nd4 d5 6. cxd5 Qxd5 7. Nc2 Qh5 8. h3
Bd6 9. Nc3 Qg6 10. d3 exd3 11. Qxd3 Qxd3 12. exd3 O-O 13. O-O Nbd7 14. Ne4 Be7
15. Re1 Nc5 16. Nxc5 Bxc5 17. Bg5 Be6 18. Bxf6 gxf6 19. b4 Bb6 20. a4 Rad8 21.
a5 Bc7 22. d4 Rd6 23. d5 cxd5 24. Nd4 Bd7 25. Rac1 Bd8 26. Red1 Re8 27. Rd2 Kf8
28. Kh2 a6 29. Nb3 b6 30. Rxd5 Rxd5 31. Bxd5 bxa5 32. bxa5 Re5 33. Rd1 Ba4 34.
Rd4 Bxb3 35. Bxb3 Bxa5 36. Rd6 Re7 37. Rxa6 Bc3 38. Kg2 Kg7 39. Ra4 h6 40. Rg4+
Kh8 41. Kf3 Bb2 42. Bd5 Rd7 43. Bc4 Rd4 44. Bxf7 Rxg4 45. Kxg4 Kg7 46. Be6 Bd4
47. f4 Bc3 48. Kf5 Be1 49. g4 Bd2 50. h4 Be1 51. h5 Bd2 52. Ba2 Bc1 1/2-1/2

[Event "OLBA 2122 OSG Baden-Baden III - Karlsru"]
[Site "?"]
[Date "2022.05.01"]
[Round "4.3"]
[White "Duschek, Volker"]
[Black "Tammert, Iamze"]
[Result "1-0"]
[WhiteElo "2278"]
[BlackElo "2299"]
[PlyCount "65"]
[EventDate "2022.??.??"]

1. e4 c5 2. Nf3 Nf6 3. e5 Nd5 4. Nc3 Nc7 5. d4 cxd4 6. Qxd4 Nc6 7. Qe4 e6 8.
Bf4 Bb4 9. Bc4 b5 10. Bb3 Bb7 11. O-O Bxc3 12. bxc3 Qc8 13. Rfe1 h6 14. Rad1
Ne7 15. Qd3 Ncd5 16. Bd2 Ba6 17. Nd4 Rb8 18. Qg3 g6 19. h4 Qc5 20. h5 gxh5 21.
Qh4 Nxc3 22. Bxc3 Qxc3 23. Re3 Qc5 24. Bxe6 dxe6 25. Nxe6 Qxc2 26. Red3 fxe6
27. Qxh5+ Kf8 28. Rf3+ Nf5 29. Rd7 Rh7 30. Rxh7 Rb7 31. Qxh6+ Ke8 32. Qxe6+ Kd8
33. Qg8# 1-0

[Event "OLBA 2122 OSG Baden-Baden III - Karlsru"]
[Site "?"]
[Date "2022.05.01"]
[Round "4.4"]
[White "Mohebbi, Jafar"]
[Black "Pfatteicher, Lukas"]
[Result "1/2-1/2"]
[WhiteElo "2233"]
[BlackElo "2153"]
[PlyCount "77"]
[EventDate "2022.??.??"]

1. d4 Nf6 2. Nf3 g6 3. c4 Bg7 4. Nc3 O-O 5. e4 d6 6. h3 e5 7. dxe5 dxe5 8. Qxd8
Rxd8 9. Nd5 Nxd5 10. cxd5 c6 11. Bc4 b5 12. Bb3 Bb7 13. Bg5 Rd7 14. Rc1 h6 15.
Be3 a5 16. O-O a4 17. dxc6 Nxc6 18. Bd5 Nd4 19. Bxb7 Rxb7 20. Rc5 Rd8 21. Nxe5
Ne6 22. Nc6 Nxc5 23. Nxd8 Rd7 24. Bxc5 Rxd8 25. b3 Rd2 26. bxa4 bxa4 27. a3 Rc2
28. Be7 Bd4 29. e5 Bxe5 30. Rd1 f5 31. g3 Kf7 32. Bb4 Ke6 33. Rd8 g5 34. Kg2 h5
35. Ra8 Bd4 36. Be1 Rc4 37. Bb4 Rc2 38. Be1 Rc4 39. Bb4 1/2-1/2

[Event "OLBA 2122 OSG Baden-Baden III - Karlsru"]
[Site "?"]
[Date "2022.05.01"]
[Round "4.5"]
[White "Joeres, Stefan"]
[Black "Moingt, Jean-Claude"]
[Result "1-0"]
[WhiteElo "2178"]
[BlackElo "2116"]
[PlyCount "103"]
[EventDate "2022.??.??"]

1. e4 c5 2. Nf3 Nc6 3. d4 cxd4 4. Nxd4 g6 5. Nc3 Bg7 6. Nxc6 bxc6 7. Bc4 d6 8.
O-O Nf6 9. e5 dxe5 10. Qxd8+ Kxd8 11. Re1 e6 12. Rxe5 Nd5 13. Re2 Rb8 14. Na4
Rb4 15. Bb3 Nb6 16. Nc5 Ke7 17. c3 Rb5 18. Bg5+ Bf6 19. Be3 Nd7 20. Nxd7 Bxd7
21. Bxa7 Ra8 22. c4 Rb7 23. Bc5+ Ke8 24. Rd1 Ra5 25. Be3 c5 26. f3 Bc6 27. Kf1
Ke7 28. Rd3 g5 29. Bd2 Ra8 30. Bc3 Bxc3 31. Rxc3 f6 32. Ke1 e5 33. Rd3 h5 34.
h3 Be8 35. h4 gxh4 36. f4 Rd7 37. Rde3 Rd4 38. fxe5 f5 39. e6 Bc6 40. Re5 Be4
41. Rxc5 h3 42. gxh3 Rg8 43. Rc7+ Kf6 44. Rf7+ Ke5 45. e7 Kf4 46. Rf8 Rg1+ 47.
Kf2 Rh1 48. Rxf5+ Kxf5 49. e8=Q Rh2+ 50. Kg3 Rxe2 51. Qf7+ Kg5 52. h4+ 1-0

[Event "OLBA 2122 OSG Baden-Baden III - Karlsru"]
[Site "?"]
[Date "2022.05.01"]
[Round "4.6"]
[White "Wu, Luka"]
[Black "Pfrommer, Christoph"]
[Result "0-1"]
[WhiteElo "2104"]
[BlackElo "2289"]
[PlyCount "120"]
[EventDate "2022.??.??"]

1. e4 c6 2. d4 d5 3. Nc3 dxe4 4. Nxe4 Nf6 5. Nxf6+ exf6 6. Bc4 Bd6 7. Ne2 O-O
8. O-O Re8 9. Qd3 Nd7 10. Bb3 Nf8 11. c4 Ng6 12. Bc2 Be6 13. Rb1 Qd7 14. Nc3
Rad8 15. d5 Qc7 16. f4 cxd5 17. cxd5 Bd7 18. Kh1 f5 19. g3 Ne7 20. Bd2 Bb4 21.
Bb3 Bc6 22. Rbc1 Bxc3 23. Bxc3 Nxd5 24. Kg1 Ne3 25. Qe2 Nxf1 26. Qxf1 Qb6+ 27.
Qf2 Re2 28. Qxb6 axb6 29. h4 Rg2+ 30. Kf1 Rxg3 31. Be5 Rh3 32. Ke2 Rh2+ 33. Ke3
Rh3+ 34. Ke2 Kf8 35. Rg1 f6 36. Bc3 Re8+ 37. Kd2 Rd8+ 38. Kc1 Rxc3+ 39. bxc3
Rd3 40. Rd1 Rxd1+ 41. Kxd1 h6 42. Ke2 g5 43. hxg5 fxg5 44. Ke3 Kg7 45. a3 Kg6
46. Bd1 h5 47. Be2 h4 48. Kf2 g4 49. Bf1 Kh5 50. Be2 Be4 51. Bf1 h3 52. Kg3 h2
53. Kxh2 Kh4 54. Be2 Bf3 55. Bc4 g3+ 56. Kg1 Kg4 57. Be6 Kxf4 58. Bc8 Be4 59.
a4 Ke3 60. c4 f4 0-1

[Event "OLBA 2122 OSG Baden-Baden III - Karlsru"]
[Site "?"]
[Date "2022.05.01"]
[Round "4.7"]
[White "Schlager, Thomas"]
[Black "Wu, Leon"]
[Result "1/2-1/2"]
[WhiteElo "2211"]
[BlackElo "2005"]
[PlyCount "130"]
[EventDate "2022.??.??"]

1. d4 Nf6 2. c4 e6 3. Nc3 Bb4 4. Qc2 c5 5. dxc5 Qc7 6. a3 Bxc3+ 7. Qxc3 Qxc5 8.
Be3 Qf5 9. Nf3 Nc6 10. g3 O-O 11. Bg2 d5 12. O-O e5 13. cxd5 Nxd5 14. Qc5 Nxe3
15. Qxe3 Qf6 16. Rfd1 Bf5 17. b4 Bc2 18. Rdc1 Ba4 19. Rab1 a6 20. Ng5 Qe7 21.
Ne4 Nd4 22. Nc5 Bb5 23. Rb2 Rac8 24. a4 Bc6 25. Bxc6 Rxc6 26. a5 Rd8 27. Kg2
Rcd6 28. Qe4 Rd5 29. e3 f5 30. Qb1 Ne6 31. Qxf5 Nxc5 32. bxc5 e4 33. Qg4 h5 34.
Qe2 Rxc5 35. Rxc5 Qxc5 36. Rxb7 Qxa5 37. Qc4+ Qd5 38. Qxd5+ Rxd5 39. Re7 Ra5
40. Rxe4 Kf7 41. Rd4 Ra2 42. h4 Ke6 43. Kf3 a5 44. e4 a4 45. Rd5 g6 46. Ke3 a3
47. Rg5 Kf6 48. Ra5 Ke6 49. Ra6+ Kf7 50. f3 Ra1 51. Kf4 a2 52. Ke5 Rf1 53. Rxa2
Rxf3 54. Ra7+ Kg8 55. Ke6 Rxg3 56. Kf6 Rg4 57. e5 Rxh4 58. Kxg6 Kf8 59. Kf6
Rf4+ 60. Ke6 Rb4 61. Rh7 h4 62. Kf6 Rf4+ 63. Kg5 Rc4 64. e6 Rc1 65. Rh8+ Ke7
1/2-1/2

[Event "OLBA 2122 OSG Baden-Baden III - Karlsru"]
[Site "?"]
[Date "2022.05.01"]
[Round "4.8"]
[White "Schmitt, Daniel"]
[Black "Fidlin, Simon"]
[Result "1/2-1/2"]
[WhiteElo "2099"]
[BlackElo "1941"]
[PlyCount "210"]
[EventDate "2022.??.??"]

1. e4 c6 2. c4 d5 3. exd5 cxd5 4. cxd5 Nf6 5. Nc3 Nxd5 6. Nf3 e6 7. d4 Nxc3 8.
bxc3 Qc7 9. Bd2 Nd7 10. Bd3 Bd6 11. O-O b6 12. Re1 Bb7 13. h3 O-O 14. c4 Rfe8
15. Rc1 e5 16. Nxe5 Nxe5 17. dxe5 Bxe5 18. Qc2 g6 19. Be4 Rac8 20. Bxb7 Qxb7
21. Be3 Re6 22. Qb3 Qe7 23. Red1 Rec6 24. Qb5 Bd6 25. Rd3 Bc5 26. Rcd1 Bxe3 27.
Rxe3 Qc7 28. Red3 Rc5 29. Qb3 Rxc4 30. Rd7 Qb8 31. h4 b5 32. h5 gxh5 33. Qe3
Qf4 34. Qxf4 Rxf4 35. Rxa7 Rc2 36. Rf1 h4 37. Rb7 Rb4 38. a4 Rxa4 39. Rxb5 Rg4
40. Rb3 Rc6 41. Kh2 Rcg6 42. Rg1 Kg7 43. Rf3 R6g5 44. Kh1 Kg6 45. Kh2 f6 46.
Kh1 Ra5 47. Rb1 Raa4 48. Rb6 Rgf4 49. Rxf4 Rxf4 50. Kg1 Kg5 51. Rb7 h6 52. Rb8
Ra4 53. Rg8+ Kf5 54. Rh8 Kg6 55. Rg8+ Kf7 56. Rh8 Kg7 57. Rb8 h5 58. Rc8 Rg4
59. Kh2 Kg6 60. Ra8 Rb4 61. Ra3 Rb2 62. Kg1 Kg5 63. Rc3 Rb1+ 64. Kh2 Rf1 65.
Rc2 Kg4 66. Rc4+ Kg5 67. Rc2 f5 68. Ra2 Rb1 69. Rc2 Ra1 70. Rb2 Kg4 71. Rb4+
Kg5 72. Rb2 Ra3 73. Rc2 Ra4 74. Rb2 Kg4 75. Rb3 Ra2 76. Kg1 Ra1+ 77. Kh2 Rf1
78. Rb4+ Kg5 79. Rb2 Rc1 80. Ra2 Rc3 81. Rb2 Rc4 82. Ra2 Rb4 83. Rc2 Kg4 84.
Rc3 Rd4 85. Ra3 Rf4 86. Kg1 Kg5 87. Rb3 Ra4 88. Kh2 Ra2 89. Kg1 Ra1+ 90. Kh2
Ra8 91. Rc3 Re8 92. Ra3 Re2 93. Kg1 Kf4 94. Ra4+ Re4 95. Ra3 Rc4 96. Kh2 Rc2
97. Kg1 Rc1+ 98. Kh2 Rc4 99. Kg1 Kg4 100. Kh2 Rc5 101. Ra4+ f4 102. Ra3 Rc2
103. f3+ Kg5 104. Ra5+ Kg6 105. Ra6+ Kg5 1/2-1/2

[Event "OLBA 2122 SC Untergrombach - SC Emmendi"]
[Site "?"]
[Date "2022.05.01"]
[Round "4.1"]
[White "Weidemann, Joerg"]
[Black "Rogic, Davor"]
[Result "0-1"]
[WhiteElo "2317"]
[BlackElo "2453"]
[PlyCount "100"]
[EventDate "2022.??.??"]

1. e4 e5 2. Nf3 Nc6 3. Bb5 a6 4. Ba4 Nf6 5. O-O Be7 6. Re1 b5 7. Bb3 d6 8. c3
O-O 9. h3 Bb7 10. d3 Na5 11. Bc2 c5 12. Nbd2 Re8 13. Nf1 h6 14. Ng3 Bf8 15. Nf5
d5 16. Qe2 Qd7 17. Nh2 Rad8 18. Ng4 Re6 19. a4 b4 20. Qf3 Nxg4 21. hxg4 b3 22.
Bd1 Bc6 23. g5 hxg5 24. Bxg5 Rde8 25. Qh3 c4 26. exd5 Bxd5 27. dxc4 Nxc4 28.
Bxb3 Qb7 29. Bc2 Rg6 30. Qh5 Qxb2 31. Rac1 e4 32. Be7 e3 33. Nxe3 Nxe3 34. Bxg6
fxg6 35. Qxg6 Rxe7 36. fxe3 Rxe3 37. Qg5 Rxe1+ 38. Rxe1 Qb6+ 39. Kh1 Qc6 40.
Rd1 Bb3 41. Rd8 Qxc3 42. Qe7 Qa1+ 43. Kh2 Qf6 44. Qxf6 gxf6 45. Rb8 Bxa4 46.
Rb6 a5 47. Rxf6 Bb3 48. Kg3 a4 49. Rg6+ Kh7 50. Rb6 Bd5 0-1

[Event "OLBA 2122 SC Untergrombach - SC Emmendi"]
[Site "?"]
[Date "2022.05.01"]
[Round "4.8"]
[White "Nied, Pascal"]
[Black "Schrems, Hermann"]
[Result "1-0"]
[WhiteElo "1981"]
[BlackElo "2056"]
[PlyCount "81"]
[EventDate "2022.??.??"]

1. e4 Nf6 2. e5 Nd5 3. d4 d6 4. c4 Nb6 5. exd6 cxd6 6. Nc3 g6 7. Be3 Bg7 8. Rc1
O-O 9. b3 e5 10. dxe5 dxe5 11. Qxd8 Rxd8 12. c5 N6d7 13. Bc4 Nc6 14. Nf3 h6 15.
Ne4 Na5 16. Bd5 Nf6 17. Nxf6+ Bxf6 18. Rd1 Kg7 19. O-O Nc6 20. Bxc6 Rxd1 21.
Rxd1 bxc6 22. Rd6 g5 23. Rxc6 Bb7 24. Rd6 a5 25. c6 Bc8 26. c7 Bf5 27. Rc6 Bd7
28. Rc1 Rc8 29. Bb6 a4 30. b4 Be6 31. a3 g4 32. Nd2 Bg5 33. Be3 Be7 34. Ne4 Kg6
35. Bb6 Bf5 36. f3 gxf3 37. gxf3 Kh7 38. Kf2 Bd7 39. Rd1 Bh4+ 40. Ke3 Bb5 41.
Rd8 1-0

[Event "OLBA 2122 SC Emmendingen - SC Brombach"]
[Site "?"]
[Date "2022.05.14"]
[Round "5.1"]
[White "Georgiadis, Ioannis"]
[Black "Sokolov, Andrei"]
[Result "1/2-1/2"]
[WhiteElo "2463"]
[BlackElo "2463"]
[PlyCount "41"]
[EventDate "2022.??.??"]

1. e4 c5 2. Nf3 d6 3. d4 cxd4 4. Nxd4 Nf6 5. Nc3 e6 6. g4 h6 7. h3 Nc6 8. Bg2
Be7 9. Nb3 O-O 10. O-O Rb8 11. a4 a6 12. Qe2 Nd7 13. Rd1 b6 14. Be3 Bb7 15. f4
Qc7 16. Qf2 Na5 17. Nd4 Nc4 18. Bc1 Rbc8 19. Nde2 Rfd8 20. Rb1 d5 21. exd5
1/2-1/2

[Event "OLBA 2122 SC Emmendingen - SC Brombach"]
[Site "?"]
[Date "2022.05.14"]
[Round "5.2"]
[White "Miezis, Normunds"]
[Black "Brunner, Nicolas"]
[Result "1/2-1/2"]
[WhiteElo "2452"]
[BlackElo "2454"]
[PlyCount "105"]
[EventDate "2022.??.??"]

1. c4 e6 2. e4 d5 3. exd5 exd5 4. d4 Nf6 5. Nc3 Bb4 6. Bd3 O-O 7. Nge2 dxc4 8.
Bxc4 h6 9. h3 Nc6 10. a3 Bd6 11. Qd3 a6 12. Qf3 Re8 13. O-O Be6 14. Bxe6 Rxe6
15. Rd1 Re8 16. b4 Qe7 17. Be3 Ne4 18. Rac1 Rad8 19. Qg4 Kh8 20. Qh5 Qf6 21.
Nd5 Qg6 22. Qxg6 fxg6 23. Nxc7 Bxc7 24. d5 Nxb4 25. Rxc7 Nxd5 26. Rxb7 Nxe3 27.
Rxd8 Rxd8 28. fxe3 Rd1+ 29. Kh2 Rd3 30. Nf4 Rxe3 31. Nxg6+ Kh7 32. Nf8+ Kg8 33.
Ne6 Ng5 34. Nxg7 Rxa3 35. Nf5 Nf7 36. g4 Ra5 37. h4 Rb5 38. Ra7 Rb2+ 39. Kg3
Rb3+ 40. Kg2 Rb2+ 41. Kf3 Rb3+ 42. Ke4 Rb4+ 43. Nd4 Nd6+ 44. Ke5 Nb5 45. Ra8+
Kh7 46. Ne6 Rxg4 47. h5 Rg1 48. Rxa6 Re1+ 49. Kf5 Rxe6 50. Rxe6 Nd4+ 51. Kf6
Nxe6 52. Kxe6 Kg7 53. Ke7 1/2-1/2

[Event "OLBA 2122 SC Emmendingen - SC Brombach"]
[Site "?"]
[Date "2022.05.14"]
[Round "5.3"]
[White "Haag, Gregor"]
[Black "Weidemann, Joerg"]
[Result "1-0"]
[WhiteElo "2371"]
[BlackElo "2303"]
[PlyCount "67"]
[EventDate "2022.??.??"]

1. d4 Nf6 2. c4 e6 3. Nf3 c5 4. d5 d6 5. Nc3 exd5 6. cxd5 g6 7. h3 Bg7 8. e4
O-O 9. Bd3 b5 10. Nxb5 Re8 11. O-O Nxe4 12. Re1 a6 13. Rxe4 Rxe4 14. Nxd6 Rb4
15. Nxf7 Kxf7 16. a3 Rd4 17. d6 Bf6 18. Nxd4 cxd4 19. Bh6 Be6 20. Qf3 Nd7 21.
Re1 Nc5 22. Bc4 Ra7 23. Qc6 Rd7 24. Qxc5 Rxd6 25. Bf4 Bxc4 26. Bxd6 Bb3 27. Qb4
Bd5 28. Be5 d3 29. Qf4 g5 30. Qxf6+ Qxf6 31. Bxf6 Kxf6 32. Rd1 Be4 33. f3 Bg6
34. Kf2 1-0

[Event "OLBA 2122 SC Emmendingen - SC Brombach"]
[Site "?"]
[Date "2022.05.14"]
[Round "5.4"]
[White "Bauer, Andreas"]
[Black "Jaeggi, Dorian"]
[Result "1/2-1/2"]
[WhiteElo "2279"]
[BlackElo "2337"]
[PlyCount "138"]
[EventDate "2022.??.??"]

1. e4 c5 2. Nc3 Nc6 3. Bb5 g6 4. Bxc6 dxc6 5. f4 Bg7 6. Nf3 Nf6 7. d3 O-O 8.
O-O b6 9. Qe1 Ne8 10. Qh4 f5 11. Bd2 Nd6 12. Rae1 e6 13. Qxd8 Rxd8 14. Nd1 Nb5
15. exf5 exf5 16. Ne5 Nd4 17. c3 Bxe5 18. Rxe5 Ne6 19. Nf2 Kf7 20. Rfe1 Re8 21.
Nh3 h6 22. Kf2 Ng7 23. Ng1 Be6 24. Nf3 Rac8 25. c4 Kf8 26. Bc3 Bf7 27. Rxe8+
Nxe8 28. Ne5 Rd8 29. Re3 Rd6 30. Rh3 h5 31. Re3 Nf6 32. Kg3 Ng4 33. Nxg4 fxg4
34. Kh4 Be6 35. Be5 Rd8 36. Bg7+ Kf7 37. Kg5 Bf5 38. Be5 Bxd3 39. b3 b5 40.
cxb5 cxb5 41. h3 gxh3 42. Rxh3 b4 43. Rh1 c4 44. bxc4 Bxc4 45. Rb1 a5 46. Rb2
Be6 47. Rc2 a4 48. Rb2 b3 49. axb3 axb3 50. f5 gxf5 51. Kxh5 Rd3 52. Re2 Bc4
53. Kg5 Rd1 54. Rf2 Ke6 55. Kf4 Re1 56. Bh8 Re4+ 57. Kg3 Rg4+ 58. Kh3 Rg5 59.
Bb2 Bd3 60. Rf4 Rg6 61. g4 Rg8 62. gxf5+ Bxf5+ 63. Kh2 Rc8 64. Kg3 Bc2 65. Kf2
Ra8 66. Rb4 Kd5 67. Ke3 Kc5 68. Bc3 Rd8 69. Rd4 Rxd4 1/2-1/2

[Event "OLBA 2122 SC Emmendingen - SC Brombach"]
[Site "?"]
[Date "2022.05.14"]
[Round "5.5"]
[White "Ruefenacht, Matthias"]
[Black "Stocko, Josip"]
[Result "1/2-1/2"]
[WhiteElo "2277"]
[BlackElo "2259"]
[PlyCount "31"]
[EventDate "2022.??.??"]

1. e4 c5 2. Nf3 d6 3. Bb5+ Nd7 4. d4 cxd4 5. Qxd4 a6 6. Bc4 e6 7. a4 Ngf6 8.
Nc3 Qc7 9. O-O Be7 10. a5 O-O 11. Bg5 h6 12. Bh4 Ne5 13. Be2 Nc6 14. Qc4 Bd7
15. h3 Rac8 16. Rfd1 1/2-1/2

[Event "OLBA 2122 SC Emmendingen - SC Brombach"]
[Site "?"]
[Date "2022.05.14"]
[Round "5.6"]
[White "Kiefer, Gerhard"]
[Black "Schwierskott, Marc"]
[Result "1/2-1/2"]
[WhiteElo "2224"]
[BlackElo "2136"]
[PlyCount "26"]
[EventDate "2022.??.??"]

1. e4 c5 2. Nf3 Nc6 3. d4 cxd4 4. Nxd4 e5 5. Nb5 d6 6. c4 Be7 7. N1c3 a6 8. Na3
f5 9. exf5 Bxf5 10. Bd3 Be6 11. O-O Nf6 12. Nc2 O-O 13. Bg5 Rc8 1/2-1/2

[Event "OLBA 2122 SC Emmendingen - SC Brombach"]
[Site "?"]
[Date "2022.05.14"]
[Round "5.7"]
[White "Hecht, Jonas Christian"]
[Black "Vatter, Hans-Joachim"]
[Result "1/2-1/2"]
[WhiteElo "1884"]
[BlackElo "2195"]
[PlyCount "56"]
[EventDate "2022.??.??"]

1. e4 d5 2. exd5 Qxd5 3. Nc3 Qd6 4. d4 Nf6 5. Nf3 c6 6. Be2 Bg4 7. O-O Nbd7 8.
Re1 e6 9. Be3 Qc7 10. a3 Bd6 11. h3 Bxf3 12. Bxf3 O-O 13. Qd2 Rfe8 14. Rad1
Rad8 15. Ne4 Nxe4 16. Bxe4 Nf6 17. Bf3 Nd5 18. c4 Nxe3 19. Qxe3 Bh2+ 20. Kf1
Bf4 21. Qd3 Bg5 22. d5 exd5 23. Rxe8+ Rxe8 24. cxd5 cxd5 25. g3 Bf6 26. Bxd5
Bxb2 27. Qb3 Bf6 28. Qxb7 Qxb7 1/2-1/2

[Event "OLBA 2122 SC Emmendingen - SC Brombach"]
[Site "?"]
[Date "2022.05.14"]
[Round "5.8"]
[White "Herbrechtsmeier, Christof"]
[Black "Erismann, Peter"]
[Result "1/2-1/2"]
[WhiteElo "2147"]
[BlackElo "2045"]
[PlyCount "33"]
[EventDate "2022.??.??"]

1. e4 c5 2. Nf3 e6 3. d4 cxd4 4. Nxd4 Nf6 5. Nc3 Nc6 6. Ndb5 Bb4 7. a3 Bxc3+ 8.
Nxc3 d5 9. exd5 exd5 10. Bd3 O-O 11. O-O d4 12. Ne2 Re8 13. Bg5 Re5 14. Qd2 Bf5
15. Bxf5 Rxf5 16. Ng3 Re5 17. Rfe1 1/2-1/2

[Event "OLBA 2122 SV Hockenheim - SC Viernheim"]
[Site "?"]
[Date "2022.05.15"]
[Round "5.1"]
[White "Abergel, Thal"]
[Black "Baramidze, David"]
[Result "0-1"]
[WhiteElo "2378"]
[BlackElo "2601"]
[PlyCount "78"]
[EventDate "2022.??.??"]

1. d4 Nf6 2. c4 g6 3. h4 c6 4. Nc3 d5 5. cxd5 cxd5 6. e3 Nc6 7. Be2 Bf5 8. g4
Be6 9. f3 Qd6 10. Bd2 Bg7 11. Qb3 O-O 12. O-O-O Na5 13. Qa4 b6 14. Nh3 Rfc8 15.
Kb1 Bd7 16. Qc2 b5 17. Bxb5 Bxb5 18. Nxb5 Qg3 19. Qd3 Nc4 20. g5 Rab8 21. gxf6
Rxb5 22. fxg7 Rxb2+ 23. Ka1 Qd6 24. Bc1 Qb6 25. Rd2 Rxd2 26. Qb3 Qa5 27. Bxd2
Qxd2 28. Rd1 Qxe3 29. Qxe3 Nxe3 30. Rd3 Nf5 31. h5 Kxg7 32. hxg6 hxg6 33. Nf4
e6 34. Kb2 Rh8 35. Ra3 Nxd4 36. Rxa7 Rh2+ 37. Kb1 g5 38. Nd3 Nxf3 39. a4 g4 0-1

[Event "OLBA 2122 SV Hockenheim - SC Viernheim"]
[Site "?"]
[Date "2022.05.15"]
[Round "5.2"]
[White "Dordzhieva, Dinara"]
[Black "Zaragatski, Ilja"]
[Result "1/2-1/2"]
[WhiteElo "2287"]
[BlackElo "2507"]
[PlyCount "151"]
[EventDate "2022.??.??"]

1. d4 d5 2. Nf3 Nf6 3. c4 e6 4. g3 Be7 5. Bg2 O-O 6. O-O c6 7. Qc2 b6 8. Bf4
Bb7 9. Rc1 Nbd7 10. cxd5 Nxd5 11. Bd2 c5 12. e4 Nb4 13. Bxb4 cxb4 14. Nbd2 Rc8
15. Qb3 b5 16. Qe3 Rxc1+ 17. Rxc1 Qb8 18. Bf1 a6 19. Bd3 Rc8 20. Rd1 e5 21. d5
Bc5 22. Qe2 Nf6 23. h3 g6 24. Kg2 Bb6 25. Nb3 Ne8 26. Qd2 Qd6 27. Qh6 f6 28.
Qd2 Kg7 29. Qe2 Rc7 30. Nbd2 Qf8 31. Nf1 Nd6 32. Ne3 Bc8 33. Ng4 h5 34. Ne3 Bd7
35. Ng1 Qc8 36. Qd2 a5 37. Nf1 Bd4 38. b3 Bc3 39. Qe3 Bd4 40. Qd2 Qh8 41. Nf3
Bb6 42. Ne3 Rc3 43. Re1 Qc8 44. h4 Bh3+ 45. Kh2 Bg4 46. Nxg4 hxg4 47. Ng1 Bxf2
48. Qxf2 Rxd3 49. Qa7+ Nf7 50. Qxa5 Qc3 51. Qxb5 Rxg3 52. Re2 Rd3 53. Qd7 g3+
54. Kg2 Qd4 55. Qb5 Re3 56. Rxe3 Qxe3 57. Qe2 Qf4 58. Nf3 Nd6 59. Qa6 Nf7 60.
Qc4 g5 61. hxg5 Nxg5 62. Nxg5 Qxg5 63. Qd3 Kf7 64. Qxg3 Qd2+ 65. Qf2 Qg5+ 66.
Kf1 Qc1+ 67. Kg2 Qg5+ 68. Kf1 Qc1+ 69. Ke2 Qc2+ 70. Kf3 Qd1+ 71. Qe2 Qh1+ 72.
Ke3 Qc1+ 73. Qd2 Qg1+ 74. Qf2 Qc1+ 75. Qd2 Qg1+ 76. Qf2 1/2-1/2